Normal view
MARC view
- COLOUR COLOR MEASUREMENT COLORIMETR
Entry Topical Term
001 - CONTROL NUMBER
- control field: 78338
003 - CONTROL NUMBER IDENTIFIER
- control field: NUST
005 - DATE AND TIME OF LATEST TRANSACTION
- control field: 20210628210146.0
008 - FIXED-LENGTH DATA ELEMENTS
- fixed length control field: 210628|| aca||aabn | a|a d
040 ## - CATALOGING SOURCE
- Original cataloging agency: NUST
- Transcribing agency: NUST
150 ## - HEADING--TOPICAL TERM
- Topical term or geographic name entry element: COLOUR COLOR MEASUREMENT COLORIMETR
670 ## - SOURCE DATA FOUND
- Source citation: Work cat.: (NUST): Berger-Schunn, Anni 78337, Practical color measurement a primer for the beginner.a reminder for the expert, 1994
